| 000 | 01637cam a22004574i 4500 | ||
|---|---|---|---|
| 003 | PE-LiUPU | ||
| 005 | 20250731173059.0 | ||
| 008 | 150623s r 000 0 d | ||
| 020 | _a0800629094 | ||
| 035 | _a(Sirsi) i9780800629090 | ||
| 040 |
_aPE-LiUPU _bspa _cPE-LiUPU _erda |
||
| 049 | _aPRUA | ||
| 082 | 0 | 4 |
_a296.09015 _bN47 _221 |
| 100 | 1 |
_aNeusner, Jacob, _eautor. |
|
| 245 | 1 | 0 |
_aRabbinic Judaism : _bstructure and system / _cJacob Neusner. |
| 264 | 1 |
_aMinneapolis, MN : _bFortress Press, _c1995. |
|
| 300 |
_a241 páginas ; _c22 centímetros |
||
| 336 |
_atext _2rdacontent |
||
| 337 |
_aunmediated _2rdamedia |
||
| 338 |
_avolume _2rdacarrier |
||
| 504 | _aBibliografía al pié de página. | ||
| 505 | 0 | _aFour approaches to the description of rabbinic judaism. -The structure of rabbinic judaism: Torah, God, and Israel. -The system of rabbinic judaism. -Rabbinic judaism in the context of the west. | |
| 526 | _aSEG42 | ||
| 526 | _aSEG41 | ||
| 526 | _aSEG40 | ||
| 526 | _aSEG39 | ||
| 526 | _aP94 | ||
| 526 | _aP87 | ||
| 526 | _aP86 | ||
| 526 | _aP85 | ||
| 526 | _aP77 | ||
| 526 | _aP76 | ||
| 526 | _aP35 | ||
| 650 | 0 | 4 |
_aJudaísmo _xHistoria _yPeríodo Talmídico, 10-425. |
| 942 |
_2ddc _cBOOK |
||
| 949 |
_a296.09015 N47 _wDEWEY _c1 _i48806 _lCCODEBUL1 _mBUL _r0 _sY _tBOOK _u2015-6-24 _xTEOLOGIA _PP35 _0COMPRA _o.STAFF. Colección General |
||
| 994 |
_aC0 _bPEPRU |
||
| 596 | _a1 | ||
| 999 |
_a296.09015 N47 _wDEWEY _c27965 _i48806 _f2021-11-11 _g5 _lCCODEBUL1 _mBUL _r0 _sY _tBOOK _u2015-6-24 _xTEOLOGIA _PP35 _0COMPRA _o.STAFF. Colección General _d27965 |
||
| 980 |
_81 _gALBERTO SANCHEZ Responsable de Automatización |
||